000 01114nam a2200301 i 4500
003 DO-SdBNP
005 20250108100221.0
007 ta
008 250108b2023 dr ac||| |||| 00| 0 spa d
020 _a9789945934267
040 _aDO-SdBNP
_bspa
_cBNPHU
_erda
082 4 _axxxx
_bC794u
_222
100 _aAcosta, María Eugenia,
_eautor
_4aut.
_986878
245 1 0 _aUna vida entregada al cooperativismo /
_cMaría Eugenia Acosta ; corrección, Aimara Vera ; edición, Carolina Acuña
264 4 _aSanto Domingo :
_bMinisterio de la Mujer,
_c©2023.
300 _a137 páginas :
_bilustraciones, retratos ;
_c23 cm.
336 _atexto
_btxt
_2rdacontent
337 _asin mediación
_bn
_2rdamedia
338 _avolumen
_bnc
_2rdacarrier
490 _aBiografías
500 _aIncluye datos biográficos del autor en la solapa de la contracubierta
586 _aBiografías Medalla al Mérito de la Mujer Dominicana 2022
590 _aInventariado, 2025/BT
700 1 _aVera, Aimara,
_ecorrector
_4corr.
_977925
700 1 _aAcuña, Carolina,
_eeditor
_4ed.
_983732
910 _aBtavárez
942 _2ddc
_cLBS1
999 _c58000
_d58000